División territorial de los Estados Unidos Mexicanos correspondiente al censo de 1910. Estado de Puebla

Detalles Bibliográficos
Autor Corporativo: Secretaría de Fomento, Colonización e Industria. Dirección de Estadística (México)
Formato: Libro
Lenguaje:Spanish
Publicado: México : Departamento de Talleres Gráficos de la Secretaría de Fomento, Colonización e Industria primera calle de Filomeno Mata núm. 8, 1917.
Materias:
Colección:Banco de datos
Acervo:Universidad Autónoma Benito Juárez de Oaxaca. Biblioteca Francisco de Burgoa. Colección histórica
Descripción Física:61 p. ; 29 cm.
Tema general:Topografía
Estadística
Notas:Portada tipográfica con plecas. Texto con diferentes columnas, paginación en números arábigos y cornisas. Encuadernación en papel
LEADER 00995nam a22001810004500
035 |a 1439 
041 0 |a spa 
110 1 |a Secretaría de Fomento, Colonización e Industria. Dirección de Estadística (México) 
245 1 0 |a División territorial de los Estados Unidos Mexicanos correspondiente al censo de 1910. Estado de Puebla 
260 |a México : Departamento de Talleres Gráficos de la Secretaría de Fomento, Colonización e Industria primera calle de Filomeno Mata núm. 8, 1917. 
300 |a 61 p. ; 29 cm.  
500 |a Portada tipográfica con plecas. Texto con diferentes columnas, paginación en números arábigos y cornisas. Encuadernación en papel 
650 1 0 |a Topografía 
650 1 0 |a Estadística 
852 |a Universidad Autónoma "Benito Juárez" de Oaxaca, Biblioteca Francisco de Burgoa, Colección histórica 11649 
942 |c BURHIS 
943 |g Universidad Autónoma Benito Juárez de Oaxaca. Biblioteca Francisco de Burgoa. Colección histórica 
999 |c 1119941  |d 1119941